Математические методы в географии : (Record no. 318010)
[ view plain ]
| 000 -LEADER | |
|---|---|
| fixed length control field | 01281nam a2200205 a 4500 |
| 001 - CONTROL NUMBER | |
| control field | 000931496 |
| 003 - CONTROL NUMBER IDENTIFIER | |
| control field | AM-YeHGA |
| 005 - DATE AND TIME OF LATEST TRANSACTION | |
| control field | 20250617145746.0 |
| 008 - FIXED-LENGTH DATA ELEMENTS--GENERAL INFORMATION | |
| fixed length control field | 121128s1971 ru r 000 0 rus d |
| 040 ## - CATALOGING SOURCE | |
| Original cataloging agency | AM-YeHGA |
| 041 0# - LANGUAGE CODE | |
| Language code of text/sound track or separate title | rus |
| 090 ## - LOCALLY ASSIGNED LC-TYPE CALL NUMBER (OCLC); LOCAL CALL NUMBER (RLIN) | |
| -- | 319741 |
| 110 2# - MAIN ENTRY--CORPORATE NAME | |
| Corporate name or jurisdiction name as entry element | Казанский государственный университет |
| Subordinate unit | Всесоюзное межведомственное совещание |
| Number of part/section/meeting | (2 : |
| Date of meeting or treaty signing | май 1971 г. : |
| Location of meeting | Казань) |
| 245 00 - TITLE STATEMENT | |
| Title | Математические методы в географии : |
| Remainder of title | Тезисы докладов II Всесоюзного межведомственного совещания по применению математических методов в географии / |
| Statement of responsibility, etc. | Казанский государственный университет им. В.И. Ульянова-Ленина; Редкол.: Н.И. Блажко и др. |
| 260 ## - PUBLICATION, DISTRIBUTION, ETC. | |
| Place of publication, distribution, etc. | Казань : |
| Name of publisher, distributor, etc. | Изд-во Казан. ун-та, |
| Date of publication, distribution, etc. | 1971. |
| 300 ## - PHYSICAL DESCRIPTION | |
| Extent | 183 с. |
| 653 0# - INDEX TERM--UNCONTROLLED | |
| Uncontrolled term | География - Математические методы изучения |
| 700 1# - ADDED ENTRY--PERSONAL NAME | |
| Personal name | Блажко, Н. И. |
| Relator term | ред. |
| Relationship | edt |
| 710 2# - ADDED ENTRY--CORPORATE NAME | |
| Corporate name or jurisdiction name as entry element | Казанский государственный университет им. В.И. Ульянова-Ленина; |
| Withdrawn status | Lost status | Damaged status | Not for loan | Collection | Home library | Current library | Date acquired | Total checkouts | Full call number | Barcode | Date last seen | Price effective from | Koha item type | Public note |
|---|---|---|---|---|---|---|---|---|---|---|---|---|---|---|
| General | Fundamental Scientific Library | Fundamental Scientific Library | 09/01/2017 | PII/323389 | FL0250863 | 09/01/2017 | 09/01/2017 | Գրքեր / Books | 30 Days Loan |
ՀՀ Գիտությունների ազգային ակադեմիայի հիմնարար գիտական գրադարան = Fundamental Scientific Library of NAS RA
All site content, except where otherwise noted, is licensed under a